Quizzes
Events
Quiz Creation
Community
Videos
Private Events
Remove Ads
Sign In
Join for FREE
Feedback
Dark Mode
Quiz Categories
Sports
Geography
Music
Movies
Television
Just For Fun
Miscellaneous
History
Literature
Language
Science
Gaming
Entertainment
Religion
Holiday
For Kids
Quiz Lab
Recent
Popular Today
Quiz Kudos Today
Editor Picks
Curator Picks
Quizzes by...
Day
Popularity
Type
Ratings
Length
Year
Community
Subscriptions
Recent Discussions
Orange Saloon
Badges
Playlists
Quests
Create
Leaderboards
Showdown
Live 5
Trivia Bingo
Activity
Puzzle Library
Sporcle Events
Private Events
Virtual Trivia
Globe League
Become a Host
Pub Owners
SporcleCon
Opinionation
Our Games
Videos
Blog
Mobile Apps
Partnerships
Remove Ads and Go Orange
Feedback
Sports
Athletes
MLB
NBA
NHL
NFL
Soccer
Sports Teams
WWE
NCAA
Football
Premier League
Basketball
Baseball
Hockey
Golf
Tennis
Cricket
Rugby
Auto Racing
Olympics
World Cup
Sports
Athletes
MLB
NBA
NHL
NFL
Soccer
Sports Teams
WWE
NCAA
Football
Premier League
Basketball
Baseball
Hockey
Golf
Tennis
Cricket
Rugby
Auto Racing
Olympics
World Cup
Random Quiz
Search Sporcle
×
Quiz Lab
Quiz Lab
Sports
NFL
Type in answers that appear in a list
Type in answers that appear in a list
Classic
Best Score? Go Orange.
NFL 100 Greatest Players Stats
Can you name the Sporting News NFL 100 Greatest Players (from 1999)?
By
SPR
15m
100 Questions
1,148 Plays
1,148 Plays
1,148 Plays
Comments
Comments
Give Quiz Kudos
Give Quiz Kudos
-
- Ratings
hide this ad
Replay
Link that replays current quiz
Next Quiz
Link to next quiz in quiz playlist
You Got
0%
They Got
Avg Score
48%
Avg Friend Score
Upgrade to see
Score Distribution
Jump to the score distribution portion of the page
Score
0/100
Timer
15:00
0
Plays Today
Position
Player
% Correct
WR
Jerry Rice
96.7%
QB
Joe Montana
96%
RB/
FB
Jim Brown
94.6%
DB
Willie Brown
91.8%
OL
Roosevelt Brown
91.8%
LB
Lawrence Taylor
89.7%
WR
Charley Taylor
88.5%
QB
Johnny Unitas
87.5%
RB
Walter Payton
86.8%
RB
Barry Sanders
85%
DB
Deion Sanders
84.8%
RB
Emmitt Smith
82.1%
DL
Bruce Smith
82%
QB
John Elway
81.4%
QB
Dan Marino
78.3%
QB
Steve Young
77.4%
QB
Terry Bradshaw
76.1%
DL
Reggie White
75.8%
DL
Randy White
75.4%
QB
Troy Aikman
73.1%
QB
Brett Favre
73%
QB
Bart Starr
72.6%
DB
Darrell Green
72.1%
LB
Dick Butkus
67.9%
RB
Franco Harris
67.9%
QB
Roger Staubach
67.6%
DL
Joe Greene
67.2%
DL
Deacon Jones
67%
RB
O.J. Simpson
65.7%
QB
Joe Namath
65.5%
RB
Gale Sayers
63.8%
RB
Eric Dickerson
63.4%
LB
Mike Singletary
62%
QB
Fran Tarkenton
61.4%
Position
Player
% Correct
QB
Otto Graham
60.1%
QB
Dan Fouts
59.6%
RB
Earl Campbell
59.3%
RB
Marcus Allen
59%
WR
Steve Largent
58%
DB
Ronnie Lott
57.8%
TE
Kellen Winslow
57.3%
TE
Mike Ditka
57.2%
DB
Rod Woodson
55.3%
RB
Tony Dorsett
52.8%
QB/
DB/
P
Sammy Baugh
52.7%
OL
Anthony Munoz
52.7%
LB
Jack Lambert
50.7%
LB
Jack Ham
48.3%
WR
Art Monk
47.1%
QB/
K
George Blanda
45.8%
DB
Night Train Lane
45.6%
WR/
DB
Don Hutson
44.3%
WR
Lance Alworth
40.9%
DB
Mel Blount
39.9%
DL
Alan Page
38.5%
RB
Jim Thorpe
38.2%
LB
Ray Nitschke
38%
DL
Merlin Olsen
36.6%
OL
Art Shell
36.1%
OL
John Hannah
35.5%
QB/
DB/
P
Sid Luckman
35.3%
QB
Bobby Layne
34.8%
WR
Raymond Berry
33.8%
WR
Fred Biletnikoff
32.5%
DL
Willie Davis
32.3%
OL
Gene Upshaw
32.1%
OL
Mike Webster
32.1%
DL
Bob Lilly
31.9%
Position
Player
% Correct
RB/
LB
Bronko Nagurski
31.6%
TE
John Mackey
31.1%
OL/
LB
Chuck Bednarik
30.8%
RB/
DB
Red Grange
30.8%
WR
Paul Warfield
29.8%
DB
Larry Wilson
27.8%
OL
Jim Otto
27.4%
DB
Mike Haynes
27.3%
RB
Lenny Moore
26.9%
OL
Forrest Gregg
26.7%
WR
Charlie Joiner
26%
RB
Steve Van Buren
25.5%
LB
Ted Hendricks
24.8%
LB
Sam Huff
23.7%
RB
Marion Motley
23.6%
LB
Bobby Bell
23.5%
LB
Willie Lanier
23.3%
DL
Gino Marchetti
23%
WR
Elroy Hirsch
22.5%
QB/
OL/
K
Lou Groza
21.3%
DB
Herb Adderley
21.2%
OL
Dwight Stephenson
20.6%
OL
Jim Parker
19.9%
DL
Buck Buchanan
18.9%
OL
Larry Little
18.6%
DB
Ken Houston
18.2%
DB
Emlen Tunnell
18%
LB
Bill George
17.6%
LB
Joe Schmidt
16.1%
OL/
LB
Mel Hein
15.4%
DB
Lem Barney
14.8%
DB
Jack Christiansen
8.6%
Quiz Playlist
Details
Report
Send in Message
Add To Playlist
Classic:
Type in answers that appear in a list
Quiz Source
Last Updated: Jan 1, 2019
Quiz Scoreboard
CHALLENGE
Sign Up to Join the Scoreboard
Show All
Scores
Hide
Comments
May contain spoilers
Recently Published
NBA Finals Game Top Scorers (2010s)
by flibbidy
Sports
5m
Guess the 'R' Things in 3 Words
by MSUKent
Miscellaneous
3m
Actor to Badly Drawn Movie III
by MoMosMoProblems
Movies
5m
More to Explore
Quiz From the Vault
Featured Blog Post
Where Does Lost Luggage Go?
hide this ad
You Might Also Like...
Tags
Football Quiz
NFL Quiz
100
1999
greatest
Player
team
Today's Top Quizzes in Sports
Browse Sports
hide this ad
Today's Top Quizzes in NFL
Browse NFL
Top Contributed Quizzes in Sports
1
Les joueurs à 100 buts en Ligue 1 Uber Eats
2
2022 World Cup Stars
3
2024 March Madness Bracket
4
Millionaire: NBA Finals Edition
5
Players with Multiple 50 Home Run Seasons
6
Criteria MLB: Left Handed Sluggers
7
Nickname Match: Athletes VI
8
Iconic Moments in Football - Multiple Choice
9
NFL MVPs ordered
10
NBA Championships Per City
Explore More
Trending Topics
Harry Potter
NBA
Kpop
Anime
Disney
Crossword
Marvel
NFL
Puzzle
Country
WWE
Song
Soccer
The Office
Pokémon
hide this ad
More By:
SPR
Quiz
Plays
Rating
Category
Featured
Created
Religious Populations
32,495
4.60
Religion
Oct 9, 2009
Cities of India
8,494
4.63
Geography
Sep 26, 2009
NBA Opening Day Starters: Atlanta Hawks
3,597
4.89
Sports
Oct 24, 2009
NFL 100 Greatest Players
1,148
4.86
Sports
Sep 26, 2009
Largest South Asian Metros
664
4.25
Geography
Apr 24, 2010
Go to Creator's Profile
Score Distribution
Quiz Creator Spotlight
SPR
Follow
Send a Message
Quizzes Created
-
Created Quiz Play Count
-
More By This Creator
Popular Quizzes Today
1
Find the US States - No Outlines Minefield
2
Find the US States
3
The Countries of the World
4
10 Largest US States in Order
5
Find the Countries of Europe - No Outlines Minefield
6
US States
7
Guess the 'R' Things in 3 Words
8
NBA Finals Game Top Scorers (2010s)
More Sports Quizzes
MLB Top Ten WAR: 1990s
Curator's Pick
Trending Quizzes
First Name TV: Leading Men
Match the Book to the Film II
First Name TV: Leading Women Drama
Pick A Pair: Religious TV
Match the Book to the Film VI
Recently Updated
Women's Final Four Teams by Year
bhenderson79
Presidents Quartet II
eogle
Anything But Clue(do)
eogle
Anything But Oceanian Capitals
eogle
Anything But 7
eogle
Anything But Thing
eogle
Word Ladder: February 29
pecheneg
Song Title Questions
pecheneg
Women's NCAA Tournament #1 Seeds
pecheneg
Celebrity Mug Shots
pecheneg
Trending Topics
Anime
NBA
Harry Potter
Marvel
Kpop
Crossword
Disney
Pokémon
NFL
Country
Song
WWE
Soccer
The Office
Puzzle
Your Account Isn't Verified!
In order to create a playlist on Sporcle, you need to verify the email address you used during registration. Go to your
Sporcle Settings
to finish the process.
Report this User
Report this user for behavior that violates our
Community Guidelines
.
Details:
Send Report
Go to the Sporcle.com Mobile Site →
Comments